Sports Quiz #1 - Statistics

General Stats
  • This quiz has been taken 23 times
  • The average score is 27 of 40
Answer Stats
Question Answer % Correct
What NBA player's nickname is "The Beard?" James Harden
100%
What NFL player's nickname is "Megatron?" Calvin Johnson
94%
What NBA player is famously known for his incredible 81 point performance? Kobe Bryant
94%
Who has the most points in the NBA of all time? LeBron James
94%
What player has the most rings in the NBA of all time? Bill Russell
88%
What NFL player's nickname was "Prime Time?" Deion Sanders
88%
What NBA player used to be famous for the 'Hook Shot?" Kareem Abdul-Jabar
88%
What NBA player is known as the "Slim Reaper?" Kevin Durant
88%
What MLB team has the most championship rings of all time? New York Yankees
88%
What NFL player did the Raiders select number 1 overall that turned out to be a bust? JaMarcus Russell
82%
What NBA player averaged 50 points in a single season? Wilt Chamberlain
82%
What NBA player once dropped 100 points in a single game? Wilt Chamberlain
82%
Who has the most NHL goals of all time Alex Ovechkin
76%
What NFL player has the most rushing yards of all time? Emmitt Smith
76%
What NBA player's nickname is "The Diesel?" Shaquille O'Neal
76%
What NBA team has the most championship rings? Boston Celtics
71%
What team did team USA win against in the basketball finals at Paris? France
71%
What NFL player's nickname was "The Bus?" Jerome Bettis
71%
What NBA player's nickname is "The Big Ticket?" Kevin Garnett
71%
What NFL player has the most passing touchdowns in a single season? Peyton Manning
71%
Who has the most passing touchdowns of all time in the NFL? Tom Brady
71%
What NFL player's nickname is the"Honey Badger?" Tyrann Mathieu
71%
What NFL player's nickname Is "Sweetness?" Walter Payton
71%
What team does Alex Ovechkin play for? Washington Capitals
71%
What MLB player has the most home runs of all time? Barry Bonds
65%
What NFL player holds the record for the most rushing yards in a single season? Eric Dickerson
65%
What NHL team has the most Stanley Cup wins? Montreal Canadians
65%
What team does Connor McDavid play for? Edmonton Oilers
59%
What team is Wayne Gretzky famously known for? Edmonton Oilers
59%
What NFL player has the most sacks in a single season? Michael Strahan
59%
What college football rivalry is known as "The Game?" Michigan vs Ohio State
59%
What NFL player has the most sacks of all time? Bruce Smith
47%
What NFL player has the most pick sixes in a single season? DaRon Bland
47%
What NFL player has the most interceptions in a single season? Night Train Lane
47%
What NFL player has the most passing yards in a single season of all time? Peyton Manning
47%
What team did team USA lose to in the 2023 World Baseball Classic? Japan
35%
What NFL player has the most pick sixes of all time? Rod Woodson
29%
What Ohio State college football player had the game sealing fumble recovery and scored against Texas in the CFP? Jack Sawyer
24%
What NFL player has the most interceptions of all time? Paul Krause
24%
What NBA team has the most playoff appearances? 76ers/Spurs
12%
No matching quizzes found
Score Distribution
Percent of People with Each Score
Percentile by Number Answered
Your Score History
You have not taken this quiz